000 00920nam a2200265 i 4500
001 118415
003 ES-MaACL
005 20250813030515.0
007 t|
008 070214s1972 sp a |||| | spa d
080 _a616-036.22(46)"17/18"
100 1 _aPeset, Mariano.
_991434
245 1 0 _aMuerte en España :
_b(política y sociedad entre la peste y el cólera) /
_cM. y J.L. Peset ; prólogo de P. Laín Entralgo.
260 _aMadrid :
_bSeminarios y Ediciones,
_c1972.
300 _a258 p. :
_bil. ;
_c18 cm.
490 1 _aHora H. Ensayos y documentos ;
_v24
650 7 _aEpidemias-
_zEspaña
_2
_9168738
650 4 _aPeste-
_zEspaña.
_9141663
650 4 _aCólera-
_zEspaña.
_9171643
700 1 _aPeset, José Luis.
_991433
700 1 _aLaín Entralgo, Pedro,
_d1908-2001
_969681
830 1 _aHora H. Ensayos y documentos ;
_v24
_9176510
852 _aES-MaACL
_jC-42873
999 _c118415
_d118415